Sports Quiz

Random Sports or MLB Quiz

Top Prospect for each MLB Team from 2000-2009 Quiz Stats

 Plays Quiz not verified by Sporcle

Challenge
Share
Tweet
Embed
Score 0/300 Timer 20:00
0 Plays Today
Hint Answer % Correct
MarinersAdam Jones
75.6%
OriolesMatt Wieters
74.4%
OriolesMatt Wieters
74.4%
MarlinsMiguel Cabrera
73.1%
AthleticsCarlos Gonzalez
71.8%
RangersAdrian Gonzalez
71.8%
DiamondbacksCarlos Gonzalez
71.8%
TigersJustin Verlander
70.5%
TwinsJoe Mauer
70.5%
TwinsJoe Mauer
70.5%
TwinsJoe Mauer
70.5%
TwinsJoe Mauer
70.5%
Red SoxHanley Ramirez
69.2%
Red SoxHanley Ramirez
69.2%
Red SoxHanley Ramirez
69.2%
TwinsAdam Johnson
69.2%
YankeesNick Johnson
69.2%
YankeesNick Johnson
69.2%
AstrosCarlos Hernandez
67.9%
MarinersFelix Hernandez
67.9%
MarinersFelix Hernandez
67.9%
RoyalsAlex Gordon
65.4%
RoyalsAlex Gordon
65.4%
IndiansCarlos Santana
64.1%
RaysDelmon Young
64.1%
RaysDelmon Young
64.1%
RaysDelmon Young
64.1%
RaysEvan Longoria
64.1%
PhilliesRyan Howard
64.1%
PiratesAndrew McCutchen
62.8%
PiratesAndrew McCutchen
62.8%
PhilliesJimmy Rollins
61.5%
IndiansCorey Smith
59%
YankeesAustin Jackson
59%
RaysMelvin Upton Jr.
59%
DiamondbacksConor Jackson
59%
DodgersEdwin Jackson
59%
BrewersPrince Fielder
59%
CardinalsBud Smith
59%
IndiansC.C. Sabathia
57.7%
IndiansC.C. Sabathia
57.7%
MetsJose Reyes
57.7%
CardinalsAnthony Reyes
57.7%
CardinalsAnthony Reyes
57.7%
RoyalsMike Moustakas
56.4%
RoyalsMike Moustakas
56.4%
DiamondbacksJustin Upton
56.4%
AstrosWilfredo Rodriguez
55.1%
AngelsFrancisco Rodriguez
55.1%
RockiesTroy Tulowitzki
55.1%
DodgersRicardo Rodriguez
55.1%
PhilliesCole Hamels
53.8%
PhilliesCole Hamels
53.8%
GiantsMatt Cain
53.8%
GiantsMatt Cain
53.8%
GiantsTim Lincecum
53.8%
Red SoxLars Anderson
52.6%
White SoxBrian Anderson
52.6%
AthleticsBrett Anderson
52.6%
MarinersRyan Anderson
52.6%
MarinersRyan Anderson
52.6%
MarinersRyan Anderson
52.6%
NationalsRyan Zimmerman
52.6%
OriolesNick Markakis
50%
OriolesNick Markakis
50%
White SoxKip Wells
50%
IndiansGrady Sizemore
50%
RaysDavid Price
50%
Blue JaysVernon Wells
50%
Blue JaysVernon Wells
50%
DodgersClayton Kershaw
50%
BrewersRickie Weeks
50%
BrewersRickie Weeks
50%
MetsFernando Martinez
50%
MetsFernando Martinez
50%
RoyalsDee Brown
48.7%
RedsJay Bruce
48.7%
PhilliesDomonic Brown
48.7%
GiantsJerome Williams
48.7%
GiantsJerome Williams
48.7%
BravesRafael Furcal
47.4%
CubsMark Prior
47.4%
PiratesPedro Alvarez
47.4%
AngelsBrandon Wood
46.2%
AngelsBrandon Wood
46.2%
AngelsBrandon Wood
46.2%
RedsHomer Bailey
46.2%
RedsHomer Bailey
46.2%
RedsHomer Bailey
46.2%
MarlinsJosh Beckett
46.2%
MarlinsJosh Beckett
46.2%
AstrosJason Castro
44.9%
RoyalsZack Greinke
44.9%
RaysJosh Hamilton
44.9%
RaysJosh Hamilton
44.9%
RaysJosh Hamilton
44.9%
BravesAdam Wainwright
44.9%
IndiansBrandon Phillips
43.6%
RangersElvis Andrus
43.6%
NationalsBrandon Phillips
43.6%
Hint Answer % Correct
TwinsFrancisco Liriano
42.3%
Red SoxClay Buchholz
41%
IndiansAdam Miller
41%
IndiansAdam Miller
41%
IndiansAdam Miller
41%
IndiansAdam Miller
41%
AstrosTaylor Buchholz
41%
AthleticsMark Mulder
38.5%
BrewersYovani Gallardo
38.5%
CardinalsDan Haren
38.5%
White SoxGordon Beckham
37.2%
AstrosRoy Oswalt
37.2%
AthleticsCarlos Pena
37.2%
RangersCarlos Pena
37.2%
DiamondbacksJohn Patterson
37.2%
CubsCorey Patterson
37.2%
CubsCorey Patterson
37.2%
Red SoxJacoby Ellsbury
35.9%
TigersJeremy Bonderman
35.9%
YankeesPhil Hughes
35.9%
YankeesPhil Hughes
35.9%
RangersMark Teixeira
35.9%
BrewersBen Sheets
34.6%
GiantsMadison Bumgarner
34.6%
TigersCurtis Granderson
33.3%
RockiesIan Stewart
33.3%
RockiesIan Stewart
33.3%
MarlinsA.J. Burnett
33.3%
RangersHank Blalock
32.1%
CubsFelix Pie
32.1%
CubsFelix Pie
32.1%
PadresChase Headley
32.1%
AthleticsRich Harden
30.8%
PhilliesPat Burrell
30.8%
AngelsRamon Ortiz
29.5%
YankeesJoba Chamberlain
29.5%
AthleticsJose Ortiz
29.5%
OriolesErik Bedard
28.2%
AthleticsBobby Crosby
28.2%
MarinersRafael Soriano
28.2%
BrewersAlcides Escobar
28.2%
MetsAlex Escobar
28.2%
MetsAlex Escobar
28.2%
RaysRocco Baldelli
26.9%
Blue JaysAlex Rios
26.9%
Red SoxAndy Marte
25.6%
RoyalsZack Greinke
25.6%
BravesAndy Marte
25.6%
BravesAndy Marte
25.6%
PiratesNeil Walker
25.6%
TigersBrandon Inge
24.4%
CardinalsRick Ankiel
24.4%
NationalsJordan Zimmermann
24.4%
AstrosHunter Pence
23.1%
RoyalsAngel Berroa
23.1%
AngelsCasey Kotchman
23.1%
AngelsCasey Kotchman
23.1%
AngelsCasey Kotchman
23.1%
RangersJohn Danks
23.1%
RangersNeftali Feliz
23.1%
CubsHee-Seop Choi
23.1%
CardinalsColby Rasmus
23.1%
CardinalsColby Rasmus
23.1%
CardinalsColby Rasmus
23.1%
TigersRick Porcello
21.8%
TigersRick Porcello
21.8%
AthleticsNick Swisher
21.8%
RockiesAaron Cook
21.8%
RockiesFranklin Morales
21.8%
DodgersAndy LaRoche
21.8%
MetsLastings Milledge
21.8%
MetsLastings Milledge
21.8%
PhilliesGavin Floyd
21.8%
AthleticsDaric Barton
20.5%
RangersEdinson Volquez
20.5%
BravesTommy Hanson
20.5%
PiratesZach Duke
20.5%
TigersCameron Maybin
19.2%
Blue JaysAdam Lind
19.2%
BravesJarrod Saltalamacchia
19.2%
MarlinsCameron Maybin
19.2%
MetsScott Kazmir
19.2%
PadresCedric Hunter
19.2%
BravesJeff Francoeur
17.9%
RoyalsBilly Butler
16.7%
TwinsMichael Cuddyer
16.7%
DiamondbacksCarlos Quentin
16.7%
RockiesChoo Freeman
16.7%
DodgersChad Billingsley
16.7%
PadresSean Burroughs
16.7%
PadresSean Burroughs
16.7%
PadresSean Burroughs
16.7%
OriolesKeith Reed
14.1%
White SoxJeremy Reed
14.1%
TwinsMatt Garza
14.1%
YankeesJuan Rivera
14.1%
CubsAngel Guzman
14.1%
RedsYonder Alonso
14.1%
RockiesDexter Fowler
14.1%
DodgersJames Loney
14.1%
Hint Answer % Correct
DodgersJoel Guzman
14.1%
White SoxBobby Jenks
12.8%
AstrosJohn Buck
12.8%
YankeesDioner Navarro
12.8%
YankeesEric Duncan
12.8%
AthleticsTravis Buck
12.8%
CubsJosh Vitters
12.8%
CubsJosh Vitters
12.8%
RedsAustin Kearns
12.8%
RedsAustin Kearns
12.8%
PhilliesMarlon Byrd
12.8%
YankeesDrew Henson
11.5%
MarinersJeff Clement
11.5%
MarinersJeff Clement
11.5%
MarlinsJeremy Hermida
11.5%
MarlinsJeremy Hermida
11.5%
MarlinsJeremy Hermida
11.5%
Blue JaysTravis Snider
10.3%
Blue JaysTravis Snider
10.3%
DodgersChin-Feng Chen
10.3%
White SoxJoe Borchard
9%
White SoxJoe Borchard
9%
AstrosJ.R. Towles
9%
TwinsAaron Hicks
9%
PhilliesCarlos Carrasco
9%
PhilliesCarlos Carrasco
9%
OriolesMatt Riley
7.7%
OriolesAdam Loewen
7.7%
White SoxRyan Sweeney
7.7%
AstrosChris Burke
7.7%
TwinsNick Blackburn
7.7%
DiamondbacksScott Hairston
7.7%
DiamondbacksScott Hairston
7.7%
BrewersMatt LaPorta
7.7%
MetsMike Pelfrey
7.7%
White SoxJon Rauch
6.4%
TigersEric Munson
6.4%
RangersRuben Mateo
6.4%
DiamondbacksJarrod Parker
6.4%
BravesWilson Betemit
6.4%
BravesWilson Betemit
6.4%
GiantsJesse Foppert
6.4%
Blue JaysJosh Phelps
5.1%
BravesJordan Schafer
5.1%
RedsRyan Wagner
5.1%
MarlinsChris Volstad
5.1%
MarlinsChris Volstad
5.1%
PiratesJohn VanBenschoten
5.1%
PiratesJohn VanBenschoten
5.1%
PadresXavier Nady
5.1%
PadresJosh Barfield
5.1%
PadresJosh Barfield
5.1%
PadresKyle Blanks
5.1%
NationalsTony Armas Jr.
5.1%
Red SoxDernell Stenson
3.8%
RangersThomas Diamond
3.8%
Blue JaysDustin McGowan
3.8%
Blue JaysDustin McGowan
3.8%
RedsGookie Dawkins
3.8%
BrewersNick Neugebauer
3.8%
BrewersNick Neugebauer
3.8%
BrewersBrad Nelson
3.8%
GiantsMerkin Valdez
3.8%
OriolesBilly Rowell
2.6%
TigersNate Cornejo
2.6%
AstrosJason Hirsh
2.6%
AngelsJoe Torres
2.6%
DiamondbacksAlex Cintron
2.6%
RedsChris Gruler
2.6%
RockiesChin-Hui Tsao
2.6%
RockiesChin-Hui Tsao
2.6%
RockiesChin-Hui Tsao
2.6%
PiratesChad Hermansen
2.6%
GiantsKurt Ainsworth
2.6%
Red SoxSeung Song
1.3%
White SoxAaron Poreda
1.3%
TigersKyle Sleeth
1.3%
RoyalsChris George
1.3%
AngelsJordan Walden
1.3%
CubsBrian Dopirak
1.3%
MetsAaron Heilman
1.3%
GiantsAngel Villalona
1.3%
NationalsDonnie Bridges
1.3%
NationalsClint Everts
1.3%
NationalsClint Everts
1.3%
NationalsCollin Balester
1.3%
OriolesRich Stahl
0%
Red SoxSteve Lomansey
0%
MarinersGregory Halman
0%
Blue JaysBrandon League
0%
DiamondbacksLuis Terrero
0%
DodgersBen Diggins
0%
DodgersAndrew Lambo
0%
PiratesJ.R. House
0%
PiratesJ.R. House
0%
PadresCesar Carrillo
0%
CardinalsJimmy Journell
0%
CardinalsBlake Hawksworth
0%
NationalsMike Hinckley
0%
NationalsChris Marrero
0%

You're not logged in!

Compare scores with friends on all Sporcle quizzes.
Join for Free
OR
Log In

You Might Also Like...

Show Comments

Extras

Top Quizzes Today


Score Distribution

Your Account Isn't Verified!

In order to create a playlist on Sporcle, you need to verify the email address you used during registration. Go to your Sporcle Settings to finish the process.

Report this User

Report this user for behavior that violates our Community Guidelines.

Details: